000 00438nam a22001697a 4500
005 20180223143207.0
008 160624b xxu||||| |||| 00| 0 eng d
020 _a81-259-1656-3
041 _aeng
082 _b9597
_a327
100 _aChandra Prakash
_91917
245 _aTheories of International Relations
260 _aNew Delhi
_bVikas Publishing House (P) Ltd.
_c2004
300 _a305
650 _aManagement
_9241
942 _cBK
999 _c3858
_d3857